00461nam a22001697a 450000500170000001000150001702000260003203500130005803700130007108200060008410000130009024500780010326000330018127000390021430000210025370000170027420100817134358.0 aENG-100752 a9788170437680c300.00 aEN-84285 bDBAD/PUB aS aSaki, S. aNothing at all :bshort stories /cby S. Saki; translated by Ranjit Singh aDelhibAtma Ram & Sonsc2010 a1376, Kashmere GatebDelhie110006 a136p.c22cm (Hb) aRanjit Singh